Film più veloci a raggiungere mezzo Miliardo di incassi - Statistics

Statistiche generali
  • Questo quiz è stato fatto 5 volte
  • Il punteggio medio è 5 su 10
Statistiche sulle risposte
Giorni per il mezzo miliardo di incasso Data del mezzo miliardo di incasso Film % Corretto
3 26 aprile 2019 Avengers: Endgame
100%
5 29 parile 2019 Avengers: Infinity War
100%
7 20 dicembre 2022 Avatar: La via dell'acqua
80%
5 19 dicembre 2021 Spider-Man: No Way Home
80%
6 18 luglio 2011 Harry Potter e i Doni della Morte - Parte 2
40%
7 19 dicembre 2017 Star Wars: Gli ultimi jedi
40%
5 20 dicembre 2015 Star Wars: Il risveglio della Forza
40%
5 14 giugno 2015 Jurassic World
20%
6 17 febbraio 2021 Detective Chinatown 3
0%
5 16 aprile 2014 Fast & Furious 8
0%
Nessun quiz corrispondente trovato
Distribuzione punteggi
Percentuale di utenti per punteggio
Percentile per numero di risposta
I tuoi punteggi nel tempo
Non hai fatto questo quiz